Biological awareness : statements for self-discovery /

Bibliographic Details
Main Author: Edington, D. W., 1937-
Other Authors: Cunningham, Lee
Format: Book
Language:English
Published: Englewood Cliffs, N.J. : Prentice-Hall, [1975]
Subjects:

MARC

Tag First Indicator Second Indicator Subfields
LEADER 00000pam a2200000 i 4500
001 in00000484713
005 20151013051847.0
008 750515s1975 njua b 00110 eng
010 |a  75016117  
020 |a 0130771805 
035 |a (OCoLC)01418842 
035 |9 ACB2936AM 
040 |a DLC  |c DLC  |d TXA  |d UtOrBLW 
049 |a TXAM  |c [1104424] 
050 0 0 |a QP301  |b .E3 
100 1 |a Edington, D. W.,  |d 1937- 
245 1 0 |a Biological awareness :  |b statements for self-discovery /  |c D. W. Edington, Lee Cunningham. 
264 1 |a Englewood Cliffs, N.J. :  |b Prentice-Hall,  |c [1975] 
300 |a ix, 242 pages :  |b illustrations ;  |c 25 cm. 
336 |a text  |b txt  |2 rdacontent 
337 |a unmediated  |b n  |2 rdamedia 
338 |a volume  |b nc  |2 rdacarrier 
500 |a Includes index. 
504 |a Bibliography: pages 235-237. 
650 0 |a Exercise tests. 
650 0 |a Exercise  |x Physiological aspects  |x Study and teaching. 
650 0 |a Human body  |x Study and teaching. 
650 2 |a Hormones  |x physiology  |x Congresses. 
650 2 |a Thymus Gland  |x physiology  |x Congresses. 
700 1 |a Cunningham, Lee. 
999 |a MARS 
999 f f |s 6ffe9446-9cd9-319c-8de2-69cd9050937e  |i de32ab41-1e4f-344f-96a1-4c23e82e0a19  |t 0 
952 f f |p ric  |a Texas A&M University  |b Rellis Campus  |c Joint Library Facility  |d Remote Storage  |t 0  |e QP301 .E3  |h Library of Congress classification  |i unmediated -- volume  |m A14805006147 
998 f f |a QP301 .E3  |t 0  |l Remote Storage